00962 2200205 4500001002100000005001500021035002000036035002000056245007000076100001600146250001700162300002800179260003900207082001000246084001600256020002200272650001700294520042700311500001800738INLIS00000000000007020240425040714 a0010-0424000014 a0010-03240000501 aAkhlak Kepada Guru :bThe Righteousness to Teacher /cAli Muakhir0 aAli Muakhir acetakan ke-1 a32 hlm :bilus ;c18 cm aJakarta :bBumi Aksara Kids,c2009 a297.5 a297.5 ALI a a978-979-010-498-3 4aReligi Islam aDalam hidup, kalian harus saling menghormati dan menghargai. Semua itu ada tata caranya, yang diambil dari Quran dan hadis. Tata cara itulah yang disebut dengan akhlak atau etika. Kalian harus mengetahui bagaimana berakhlak pada Allah, Rasulullah, guru, orangtua, orang lain, dan pada diri sendiri. Dalam buku ini, akan dijelaskan bagaimana beretika kepada guru, dengan uraian yang jelas dan mudah dipahami oleh kalian. aSeri Muamalah